Catalogue of cell lines and hybridomas.

Bibliographic Details
Previous Title:Catalogue of strains II
Corporate Author: American Type Culture Collection
Format: Serial
Language:English
Published: Rockville, Md. : American Type Collection, [1985-]
Subjects:

MARC

Tag First Indicator Second Indicator Subfields
LEADER 00000cas a2200000 a 4500
001 in00000010691
005 20151007051427.0
008 860611c19859999mduzr c 0uuu 0eng
010 |a  86643225  
035 |a (OCoLC)13714606 
035 |9 AAA2918AM 
040 |a DLC  |c DLC  |d NST  |d m/c  |d DLC  |d UtOrBLW 
042 |a lc 
043 |a n-us--- 
049 |a TXAE 
050 4 |a QR64.5  |b .A5b 
110 2 |a American Type Culture Collection. 
245 1 0 |a Catalogue of cell lines and hybridomas. 
246 1 0 |a Cell lines & hybridomas 
246 1 0 |a ATCC cell lines and hybridomas 
246 1 8 |a ATCC cell lines & hybridomas 
264 1 |a Rockville, Md. :  |b American Type Collection,  |c [1985-] 
264 4 |c ©1985- 
300 |a volumes ;  |c 28 cm. 
310 |a Quadrennial 
336 |a text  |b txt  |2 rdacontent 
337 |a unmediated  |b n  |2 rdamedia 
338 |a volume  |b nc  |2 rdacarrier 
362 0 |a 5th ed. (1985)- 
500 |a Title from cover. 
525 |a Updates are published each year as cumulative supplements. 
650 0 |a Cell lines  |x Catalogs and collections  |x Periodicals. 
650 0 |a Hybridomas  |x Catalogs and collections  |x Periodicals. 
780 0 1 |7 American Type Culture Collection.  |t Catalogue of strains II  |x 0363- 2989, (OCoLC)2438988 
999 |a MARS 
999 f f |s 22cb7957-52e6-30c1-9fb3-1d2216b6ee44  |i 8491fc70-ddbc-34bf-afb7-a2e39a5f9a8e  |t 0 
952 f f |a Texas A&M University  |b Rellis Campus  |c Joint Library Facility  |d Remote Storage  |e QR64.5 .A5b  |h Library of Congress classification  |i unmediated -- volume  |k 6th ed.  |l 1988  |m A14811263008  |p ric  |s JLF  |t 0 
952 f f |a Texas A&M University  |b Rellis Campus  |c Joint Library Facility  |d Remote Storage  |e QR64.5 .A5b  |h Library of Congress classification  |i unmediated -- volume  |k 5th ed.  |l 1985  |m A14811246195  |p ric  |s JLF  |t 0 
998 f f |a QR64.5 .A5b  |s 5th ed. (1985)-6th ed. (1988)  |t 0  |l Remote Storage